Les prénoms des peintres célèbres - 4 - Statistiques

Statistiques générales
  • Ce quiz a été pris 307 fois
  • Le résultat moyen est 9 sur 20
Statistiques - réponses
Hint Réponse % Correct
Picasso Pablo
94%
Monet Claude
89%
Renoir Auguste
81%
Munch Edvard
78%
Soulages Pierre
68%
Pissarro Camille
60%
Morisot Berthe
52%
Schiele Egon
48%
Signac Paul
48%
De Ribera José
46%
Rousseau Henri
43%
Rubens Pierre-Paul
42%
De Staël Nicolas
37%
Picabia Francis
30%
Rigaud Hyacinthe
28%
Soutine Chaïm
27%
Rouault Georges
21%
Steen Jan
20%
Van Ruysdael Jacob
19%
Murillo Bartolomé
14%
Aucun quiz correspondant
Distribution des résultats
% des personnes avec chaque résultat
Percentile par nombre de réponses
Votre historique - résultats
Vous n’avez pas pris ce quiz